| 000 | 00589nam a22001817a 4500 | ||
|---|---|---|---|
| 003 | OSt | ||
| 005 | 20190227103856.0 | ||
| 008 | 190227b xxu||||| |||| 00| 0 ara d | ||
| 040 | _aLB-BrCRDP | ||
| 082 | _a658.065 S528d | ||
| 100 | 6 | _aدكتور صلاح الشنواني | |
| 245 |
_aدور الادارة في عصر العلم والتكنولوجيا: _bدراسة للتحديات والمتطلبات |
||
| 260 |
_aبيروت _bجامعة بيروت العربية _c1973 |
||
| 300 |
_aص51 _cسم24 |
||
| 630 | _aالعلم | ||
| 630 | _aالتكنولوجيا | ||
| 942 |
_2ddc _cBK |
||
| 999 |
_c22586 _d22586 |
||